Responses for show #3050 - Friday, November 28, 1997

Contestants

[<< previous game]

Heather O'Neill, a program assistant from Tarboro, North Carolina

Claire Guthrie Gastanaga, a management consultant from Richmond, Virginia

Steven Jupiter, a lawyer from New York City, New York

[next game >>]

Jeopardy! Round responses

THE TELL-TALE HEART
THE GOLD BUG
(Alex: There's a theme here.)
THE BELLS
QUOTH
THE RAVEN
NEVERMORE
(Alex: It's our tribute to somebody... who could it possibly be?)
    $100 6
Aorta

Claire
    $100 5
Rumpelstiltskin

Heather
    $100 4
Philadelphia

Heather
    $100 16
Annabel Lee

Heather
    $100 1
Panty hose

Steven
    $100 3
(H: What is Disney World?)

Disneyland

StevenHeather
    $200 7
Baboon

Steven
    $200 9
Argonauts

Heather
    $200 15
Leaning Tower of Pisa

Heather
    $200 17
Iron Curtain

Heather
    $200 2
Odin

Heather
    $200 24
Miss Congeniality

Steven
    $300 8
(S: What are chambers?)

Valves

StevenHeather
    $300 10
Carl Lewis

Heather
    $300 21
The Kremlin

Claire
    $300 18
Lyndon B. Johnson

Heather
    $300 28
The Edge of Night

Claire
    $300 25
Elizabeth Taylor

Heather
    $400 13
Arrhythmia

Steven
    $400 11
Florida

Claire
    $400 22
Oxford

Steven
    $400 19
Arthur Miller ("Death of a Salesman")

Steven
    $400 29
"Macbeth"

Claire
    $400 26
(Alex: With less than a minute to go.)

Shane

Triple Stumper
    $500 14
Ventricles

Claire
    $500 12
Francisco Pizarro

Claire
    $500 23
Mandalay

Triple Stumper
    $500 20
The Federalist Papers

Heather
    $500 30
Elijah

Heather
    $1,000 27
Cheers

Heather

Scores at the first commercial break (after clue 15):

Steven Claire Heather
$500 $1,500 $1,300

Scores at the end of the Jeopardy! Round:

Steven Claire Heather
$1,500 $2,500 $4,200

Double Jeopardy! Round responses

THE 1960s
RELIGION
THEIR FIRST FILMS
SOUTHERN FOOD
BABIES
"IF" ONLY...
    $200 14
Woodstock

Heather
    $200 11
Paul

Steven
    $200 1
An Alien

Heather
    $200 2
Watermelon

Heather
    $200 20
Peek-a-boo

Heather
    $200 19
"As If"

Steven
    $400 15
Medicare

Heather
    $400 12
Shinto

Heather
    $400 7
William Baldwin

Steven
    $400 3
Corn dog

Heather
    $400 22
Eyesight/vision

Heather
    $400 21
(H: What is "If you love them?")

"If you love somebody"

StevenHeather
    $600 16
(H: What is the Gulf of Yemen?)

Gulf of Tonkin

ClaireHeather
    $600 13
Rosh Hashanah

Heather
    $600 8
Mary Tyler Moore

Steven
    $600 4
Key lime pie

Claire
    $600 23
Reflexes

Heather
    $600 26
Two if by Sea

Heather
    $800 17
Aeroflot

Heather
    $800 29
(H: What is Hinduism?)
(C: What is Buddhism?)
(S: What is Jainism?)
(buzzer sounds)

Sikhism

StevenClaireHeather
Triple Stumper
    $1,000 9
A River Runs Through It

Steven
    $800 5
(C: I don't know, Alex!)

Wilted salad

Claire
Triple Stumper
    $800 24
(we have less than a minute to go...)

Colic

Claire
    $800 27
"If you can't stand the heat, get out of the kitchen"

Steven
    $2,000 18
(H: Who is Begin?)

Moshe Dayan

Heather
    $1000 10
Sophie's Choice

Steven
    $1000 6
Brunswick stew

Heather
    $1000 25
Separation anxiety

Triple Stumper
    $1000 28
"If wishes were horses"

Heather

Scores at the end of the Double Jeopardy! Round:

Steven Claire Heather
$5,300 $2,900 $7,400

[wagering suggestions for these scores]

Final Jeopardy! Round responses

TELEVISION
ClaireWhat was [Cheers] 60 Minutes?
$2,500
StevenWhat is 60 Minutes?
$4,000
HeatherWhat is 60 Minutes?
$3,201
60 Minutes

Final scores:

Steven Claire Heather
$9,300 $5,400 $10,601
2nd place: a trip to Almond Beach Resort, Barbados 3rd place: a Panasonic LCD Palmcorder New champion: $10,601

Game dynamics:

Coryat scores:

Steven Claire Heather
$5,100 $2,900 $8,900
15 R
(including 1 DD),
2 W
10 R,
2 W
28 R
(including 1 DD),
5 W
(including 1 DD)

Combined Coryat: $16,900

The J! Archive is created by fans, for fans. The Jeopardy! game show and all elements thereof, including but not limited to copyright and trademark thereto, are the property of Jeopardy Productions, Inc. and are protected under law. This website is not affiliated with, sponsored by, or operated by Jeopardy Productions, Inc. Join the discussion at JBoard.tv.